Дело по требованию Государственной экспедиции для ревизии счетов о 40 рублях 40 копейках, отосланных в Департамент из Слободско-...

Доступно только в Электронных читальных залах Найти на картеНа карте
RUSMARC
00003709nmc2a22002413x 450
0016b119626-033f-4ad4-9c4e-f05ed9fe3450
00520260112154025.0
100##$a20250715l18251826k l0rusy0189 ca
1010#$arus
102##$aRU
105##$ay###
1222#$ad
2001#$aДело по требованию Государственной экспедиции для ревизии счетов о 40 рублях 40 копейках, отосланных в Департамент из Слободско-Украинской гимназии за книги
$j15 августа 1825 г. - 4 августа 1826 г.
215##$a7 л.
$d36,5х26 см
251##$cДело
300##$aДело
371##$aДокумент не является опубликованным и широко распространяемым
461#0$1001a74412a3-3cc5-4d21-8f0a-dfe2fbd9e72d
$12001
$aДепартамент народного просвещения Министерства народного просвещения (1803-1917)
$1251
$cФонд
$1852
$j733
462#0$1001ccc93d8c-a161-4593-b7db-1a3e4c2bc189
$12001
$aДела счетного отделения Департамента народного просвещения за 1819-1838 годы
$1251
$cОпись
$1852
$j111
801#0$aRU
$bРГИА
$c20250715
$gRCR
801#1$aRU
$bГлавНИВЦ
$c20250715
$2rusmarc
801#2$aRU
$bПБ им. Б.Н. Ельцина
$c20260112
$gRCR
$2rusmarc
850##$aРГИА
852##$aРГИА
$eФедеральное казенное учреждение "Российский государственный исторический архив" (РГИА)
$j257
937##$hРГИА
$d12094305
$aASBIBLIO_SCAN
035##$aRusGRCC00088529
856##$uhttp://readingroom.main.prlib.ru/item.aspx?id_node=n199918232&mode=full
Формат отображения